Bioética y ciudadanía : nuevas fronteras de la ética /

Bibliographic Details
Main Author: López de la Vieja, Ma. Teresa (María Teresa)
Format: Electronic eBook
Language:Spanish
Published: Madrid : Biblioteca Nueva, c2008.
Series:Ensayo (Biblioteca Nueva (Firm)) ; 31.
Subjects:
Online Access:Digitalia Hispánica

MARC

LEADER 00000nam a2200000Ii 4500
001 DIGBIN02231
003 NyNyDIG
006 m o d
007 cr |||||||||||
008 121101s2008 sp ob 000 0 spa d
020 |z 9788497428736 
020 |z 8497428730 
035 |a (OCoLC)888256906 
040 |a DGITA  |b eng  |e pn  |c DGITA 
050 1 4 |a QH332 eBook 
100 1 |a López de la Vieja, Ma. Teresa  |q (María Teresa) 
245 1 0 |a Bioética y ciudadanía :  |b nuevas fronteras de la ética /  |c Ma. Teresa López de la Vieja. 
264 1 |a Madrid :  |b Biblioteca Nueva,  |c c2008. 
300 |a 1 online resource (339 pages) 
336 |a text  |b txt  |2 rdacontent 
337 |a computer  |b c  |2 rdamedia 
338 |a online resource  |b cr  |2 rdacarrier 
490 1 |a Ensayo / Biblioteca Nueva ;  |v 31. 
504 |a Includes bibliographical references (p. [315]-339). 
650 0 |a Bioethics. 
655 0 |a Electronic books. 
791 2 |a Digitalia (Firm),  |e distributor. 
830 0 |a Ensayo (Biblioteca Nueva (Firm)) ;  |v 31. 
793 0 |g Digitalia eBook Collection:  |a Biblioteca Nueva 
856 4 0 |3 Digitalia Hispánica  |u https://www.digitaliapublishing.com/a/17535/ 
910 |a Premium Collection: 2007-2012